| 000 | 00451nam a2200157 4500 | ||
|---|---|---|---|
| 001 | 109662 | ||
| 003 | ES-MaACL | ||
| 005 | 20230906184902.0 | ||
| 007 | t| | ||
| 008 | 061121s1918 xxu r ||||1| eng d | ||
| 100 | 1 |
_aMunro, William Bennett. _984221 |
|
| 245 | 1 | 0 |
_aPrinciples and methods of municipal administration / _cWilliam Bennett Munro. |
| 260 |
_aNew York : _bMacmillan, _c1918. |
||
| 300 |
_aIX, 491 ; _c22 cm. |
||
| 852 |
_aES-MaACL _jF-1827 |
||
| 999 |
_c109662 _d109662 |
||